| 000 -LEADER |
| fixed length control field |
01660cam a2200373 a 4500 |
| 005 - DATE AND TIME OF LATEST TRANSACTION |
| control field |
20200309124857.0 |
| 008 - FIXED-LENGTH DATA ELEMENTS--GENERAL INFORMATION |
| fixed length control field |
070913s2008 nyua 000 0 eng |
| 010 ## - LIBRARY OF CONGRESS CONTROL NUMBER |
| LC control number |
2007037737 |
| 020 ## - INTERNATIONAL STANDARD BOOK NUMBER |
| International Standard Book Number |
9781568987538 (pbk. : alk. paper) |
| 020 ## - INTERNATIONAL STANDARD BOOK NUMBER |
| International Standard Book Number |
1568987536 (pbk. : alk. paper) |
| 035 ## - SYSTEM CONTROL NUMBER |
| System control number |
(OCoLC)171614476 |
| 041 1# - LANGUAGE CODE |
| Language code of text/sound track or separate title |
eng |
| Language code of original and/or intermediate translations of text |
spa |
| 043 ## - GEOGRAPHIC AREA CODE |
| Geographic area code |
n-us--- |
| 050 00 - LIBRARY OF CONGRESS CALL NUMBER |
| Classification number |
NA1088.M65 |
| Item number |
A35 2008 |
| 082 00 - DEWEY DECIMAL CLASSIFICATION NUMBER |
| Classification number |
720.92 |
| Edition number |
22 |
| Item number |
PUE |
| 100 1# - MAIN ENTRY--PERSONAL NAME |
| Personal name |
Mies van der Rohe, Ludwig, |
| Dates associated with a name |
1886-1969. |
| 240 10 - UNIFORM TITLE |
| Uniform title |
<a href="Conversaciones con Mies van der Rohe.">Conversaciones con Mies van der Rohe.</a> |
| Language of a work |
English |
| 245 10 - TITLE STATEMENT |
| Title |
Conversations with Mies van der Rohe / |
| Statement of responsibility, etc |
Moisés Puente, editor. |
| 250 ## - EDITION STATEMENT |
| Edition statement |
1st ed., English ed. |
| 260 ## - PUBLICATION, DISTRIBUTION, ETC. (IMPRINT) |
| Place of publication, distribution, etc |
New York : |
| Name of publisher, distributor, etc |
Princeton Architectural Press, |
| Date of publication, distribution, etc |
c2008. |
| 300 ## - PHYSICAL DESCRIPTION |
| Extent |
95 p. : |
| Other physical details |
ill. ; |
| Dimensions |
21 cm. |
| 490 1# - SERIES STATEMENT |
| Series statement |
Conversations |
| 500 ## - GENERAL NOTE |
| General note |
Originally published: Conversaciones con Mies van der Rohe. Barcelona, Spain : Editorial Gustavo Gili, 2006. |
| 505 0# - FORMATTED CONTENTS NOTE |
| Formatted contents note |
Architecture and technology / Mies van der Rohe -- Conversation one -- Conversation two -- Conversation three -- Mies's American period and its relevance today / Iñaki Ábalos. |
| 600 10 - SUBJECT ADDED ENTRY--PERSONAL NAME |
| Personal name |
Mies van der Rohe, Ludwig, |
| Dates associated with a name |
1886-1969 |
| Form subdivision |
Interviews. |
| 650 #0 - SUBJECT ADDED ENTRY--TOPICAL TERM |
| Topical term or geographic name as entry element |
Architects |
| Geographic subdivision |
United States |
| Form subdivision |
Interviews. |
| 650 #0 - SUBJECT ADDED ENTRY--TOPICAL TERM |
| Topical term or geographic name as entry element |
Architecture |
| Geographic subdivision |
United States |
| General subdivision |
History |
| Chronological subdivision |
20th century. |
| 700 1# - ADDED ENTRY--PERSONAL NAME |
| Personal name |
Puente, Moisés, |
| Dates associated with a name |
1969- |
| 830 #0 - SERIES ADDED ENTRY--UNIFORM TITLE |
| Uniform title |
Conversations with students. |
| 856 41 - ELECTRONIC LOCATION AND ACCESS |
| Materials specified |
Table of contents only |
| Uniform Resource Identifier |
<a href="http://www.loc.gov/catdir/toc/ecip0727/2007037737.html">http://www.loc.gov/catdir/toc/ecip0727/2007037737.html</a> |
| 906 ## - LOCAL DATA ELEMENT F, LDF (RLIN) |
| a |
7 |
| b |
cbc |
| c |
orignew |
| d |
1 |
| e |
ecip |
| f |
20 |
| g |
y-gencatlg |
| 942 ## - ADDED ENTRY ELEMENTS (KOHA) |
| Source of classification or shelving scheme |
|
| 955 ## - COPY-LEVEL INFORMATION (RLIN) |
| Classification number, CCAL (RLIN) |
jk09 2007-09-13 |
| Copy status, CST (RLIN) |
jk09 2007-09-13 |
| Classification number, CCAL (RLIN) |
aa11 2007-09-13 |
| -- |
xe03 2009-02-11 1 copy rec'd., to CIP ver. |